[Event "Reykjavik Open"]
[Site "Reykjavik ISL"]
[Date "2012.03.06"]
[Round "1.76"]
[White "Dunn, Andrew"]
[Black "Hauksdottir, Hrund"]
[Result "1-0"]
[WhiteTitle "CM"]
[WhiteElo "2205"]
[BlackElo "1627"]
[WhiteFideId "401960"]
[BlackFideId "2302608"]
[EventDate "2012.03.06"]

1. d4 d5 2. Nf3 Nf6 3. e3 e6 4. Bd3 Be7 5. O-O O-O 6. b3 Nbd7 7. Bb2 b6 8. Ne5
Bb7 9. f4 c5 10. Nd2 Rc8 11. Qe2 Ne8 12. f5 Ndf6 13. fxe6 fxe6 14. Rad1 Qc7 15.
c4 Bd6 16. Ndf3 Qe7 17. Ng5 Bc6 18. Nxe6 Qxe6 19. Bf5 Qe7 20. Bxc8 Ba8 21. Bf5
dxc4 22. bxc4 Be4 23. Bxe4 Nxe4 24. Rxf8+ Qxf8 25. Rf1 N8f6 26. dxc5 Bxc5 27.
Nd7 Qd6 28. Nxf6+ Nxf6 29. Bxf6 gxf6 30. Qg4+ Kf7 31. Qe4 a5 32. Qxh7+ Ke6 33.
Qe4+ Kf7 34. Qd5+ Qxd5 35. cxd5 Bxe3+ 36. Kh1 Bc5 37. a4 Ke7 38. h4 1-0

[Event "Reykjavik Open"]
[Site "Reykjavik ISL"]
[Date "2012.03.06"]
[Round "1.77"]
[White "Einarsson, Oskar Long"]
[Black "Dave, Dhyani"]
[Result "0-1"]
[BlackTitle "WFM"]
[WhiteElo "1618"]
[BlackElo "2205"]
[WhiteFideId "2309220"]
[BlackFideId "5019834"]
[EventDate "2012.03.06"]

1. e4 d6 2. d4 Nf6 3. Bd3 c6 4. Nf3 e5 5. c3 Nbd7 6. O-O g6 7. Bg5 Bg7 8. Nbd2
O-O 9. Nc4 Qe7 10. Qb3 Qe6 11. Na5 Qxb3 12. Nxb3 exd4 13. cxd4 Nb6 14. a4 Bg4
15. e5 dxe5 16. Nxe5 Nbd7 17. Nxg4 Nxg4 18. h3 Ngf6 19. Na5 Nd5 20. Be3 Rab8 21.
Rab1 N7f6 22. b4 Rfe8 23. Rfe1 Nc3 24. Ra1 Nfd5 25. Kf1 Bf8 26. b5 Bb4 27. Nc4
cxb5 28. axb5 Nxb5 29. Nd2 Nd6 30. Rxa7 Nxe3+ 31. fxe3 Bxd2 32. Rd1 Bxe3 33. Bb1
Nb5 34. Ra5 Nc3 35. Re1 Nxb1 36. Rxb1 Bxd4 37. Rd5 Be3 38. Ke2 b6 39. Rf1 Re7
40. Kf3 Rbe8 41. Rd3 Bc5 42. Kg4 Re4+ 43. Rf4 f5+ 44. Kf3 Re3+ 45. Kf2 R3e4+ 0-1

[Event "Reykjavik Open"]
[Site "Reykjavik ISL"]
[Date "2012.03.06"]
[Round "1.78"]
[White "Loftsson, Hrafn"]
[Black "Wasenius, Thomas"]
[Result "1-0"]
[WhiteElo "2202"]
[BlackElo "1612"]
[WhiteFideId "2300729"]
[BlackFideId "1509551"]
[EventDate "2012.03.06"]

1. c4 c5 2. g3 Nc6 3. Bg2 Nf6 4. Nc3 g6 5. a3 Bg7 6. Rb1 a5 7. Nf3 d6 8. O-O O-O
9. d3 h6 10. Bd2 Nd7 11. Ne1 f5 12. Nc2 e5 13. b4 Nf6 14. bxc5 dxc5 15. Na4 Na7
16. Ne3 f4 17. Nd5 g5 18. e3 Re8 19. Nab6 1-0

[Event "Reykjavik Open"]
[Site "Reykjavik ISL"]
[Date "2012.03.06"]
[Round "1.79"]
[White "Heimisson, Hilmir Freyr"]
[Black "Dougherty, Michael"]
[Result "0-1"]
[BlackTitle "FM"]
[WhiteElo "1602"]
[BlackElo "2195"]
[WhiteFideId "2309998"]
[BlackFideId "2601559"]
[EventDate "2012.03.06"]

1. e4 g6 2. d4 Bg7 3. Nf3 c5 4. c3 cxd4 5. cxd4 d5 6. e5 Nc6 7. Nc3 Bg4 8. Be3
f6 9. exf6 Nxf6 10. Be2 O-O 11. h3 Bxf3 12. Bxf3 e5 13. O-O e4 14. Be2 Qd7 15.
Qb3 Kh8 16. Rad1 Rac8 17. f3 Na5 18. Qa3 b6 19. fxe4 dxe4 20. Bg5 h5 21. Bxf6
Bxf6 22. Kh1 Be7 23. Qa4 Rxf1+ 24. Rxf1 Qxa4 25. Nxa4 Rc7 26. Bd1 Rd7 27. Re1
Bh4 28. Rf1 Nc4 29. Bb3 Rxd4 30. Bxc4 Rxc4 31. Nc3 e3 32. Rf8+ Kg7 33. Re8 Rd4
34. g3 Rd2 35. Ne4 Rd1+ 36. Kg2 e2 37. Nf2 e1=Q 38. Rxe1 Rxe1 39. Kf3 Ra1 40. a3
Rb1 41. Nd3 0-1

[Event "Reykjavik Open"]
[Site "Reykjavik ISL"]
[Date "2012.03.06"]
[Round "1.80"]
[White "Dukaczewski, Piotr"]
[Black "Hansen, Erle Andrea Marki"]
[Result "1-0"]
[WhiteTitle "IM"]
[WhiteElo "2310"]
[BlackElo "1793"]
[WhiteFideId "1103520"]
[BlackFideId "1508229"]
[EventDate "2012.03.06"]

1. e4 c5 2. Nf3 Nc6 3. d4 cxd4 4. Nxd4 Nf6 5. Nc3 e5 6. Ndb5 d6 7. Bg5 a6 8. Na3
b5 9. Nd5 Be7 10. Bxf6 Bxf6 11. c3 Bg5 12. Nc2 O-O 13. a4 bxa4 14. Rxa4 a5 15.
Bc4 Be6 16. O-O Bh6 17. Nce3 g6 18. Qf3 Bg7 19. Rd1 Rb8 20. b4 axb4 21. Nxb4
Nxb4 22. cxb4 Qe8 23. Rda1 Bd7 24. Bb3 Bxa4 25. Bxa4 Qd8 26. Rb1 Kh8 27. g3 Bh6
28. Nd5 f5 29. Bc2 f4 30. g4 Qh4 31. Bd1 Rfc8 32. b5 Bg5 33. b6 Rb7 34. Be2 Ra8
35. Bc4 Bd8 36. h3 Qh6 37. Kg2 Qg7 38. Qd3 Qf8 39. Ba6 Rbb8 40. Qc4 f3+ 41. Kg1
h5 42. b7 Bh4 43. Rc1 Ra7 44. Qc8 Rxa6 45. Qxf8+ Rxf8 46. Rc8 Ra1+ 47. Kh2 1-0

[Event "Reykjavik Open"]
[Site "Reykjavik ISL"]
[Date "2012.03.06"]
[Round "1.81"]
[White "Bjornsson, Bjorn Freyr"]
[Black "Magnusdottir, Veronika Steinunn"]
[Result "1-0"]
[WhiteElo "2183"]
[BlackElo "1580"]
[WhiteFideId "2300834"]
[BlackFideId "2309114"]
[EventDate "2012.03.06"]

1. e4 c5 2. Nf3 d6 3. d3 Nf6 4. g3 g6 5. Bg2 Bg7 6. O-O O-O 7. Nbd2 Nc6 8. c3 b5
9. d4 cxd4 10. cxd4 Bg4 11. Qb3 Bxf3 12. Nxf3 Nxe4 13. Qd5 Nxg3 14. hxg3 Qb6 15.
Be3 Rac8 16. Rac1 Nb4 17. Qb3 Nc6 18. d5 Nd4 19. Nxd4 Bxd4 20. Bxd4 Qxd4 21. Rc6
Rxc6 22. dxc6 Qb6 23. Rc1 Rc8 24. Qd5 a6 25. Bh3 Rc7 26. Bd7 Kf8 27. b4 Kg7 28.
Re1 Kf8 29. Qg5 e6 30. Qf6 h5 31. Qh8+ Ke7 32. Rxe6+ 1-0

[Event "Reykjavik Open"]
[Site "Reykjavik ISL"]
[Date "2012.03.06"]
[Round "1.83"]
[White "Ornolfsson, Magnus P"]
[Black "Vignisson, Ingvar Egill"]
[Result "1-0"]
[WhiteElo "2175"]
[BlackElo "1558"]
[WhiteFideId "2301016"]
[BlackFideId "2309270"]
[EventDate "2012.03.06"]

1. e4 c5 2. Nf3 d6 3. c3 Nf6 4. Be2 Nc6 5. d3 g6 6. O-O Bg7 7. Bg5 O-O 8. Nbd2
Rb8 9. h3 Bd7 10. d4 b5 11. dxc5 dxc5 12. e5 Ne8 13. Ne4 Nxe5 14. Nxe5 Bxe5 15.
Qd5 Bf6 16. Bf4 Nc7 17. Qd2 e5 18. Qxd7 1-0

[Event "Reykjavik Open"]
[Site "Reykjavik ISL"]
[Date "2012.03.06"]
[Round "1.84"]
[White "Bjorgvinsson, Andri Freyr"]
[Black "Bergsson, Stefan"]
[Result "0-1"]
[WhiteElo "1544"]
[BlackElo "2171"]
[WhiteFideId "2306913"]
[BlackFideId "2301393"]
[EventDate "2012.03.06"]

1. c4 f5 2. g3 Nf6 3. Bg2 e6 4. Nf3 Be7 5. O-O O-O 6. Nc3 d6 7. d3 c6 8. e4 e5
9. Qb3 Kh8 10. exf5 Bxf5 11. Qxb7 Nbd7 12. Ne4 Nxe4 13. dxe4 Bxe4 14. Nd2 Nc5
15. Qb4 Bxg2 16. Kxg2 d5 17. Nf3 d4 18. Qd2 Bf6 19. b4 e4 20. Ne1 Ne6 21. Rb1
Qe8 22. Bb2 Qh5 23. Qd1 Qg6 24. f4 Be7 25. Nc2 Rad8 26. Qd2 e3 27. Nxe3 Nxf4+
28. Rxf4 Rxf4 29. Rd1 Qe4+ 30. Kg1 Bxb4 31. Qe2 Rf3 32. Bc1 Re8 0-1

[Event "Reykjavik Open"]
[Site "Reykjavik ISL"]
[Date "2012.03.06"]
[Round "1.85"]
[White "Lasinskas, Povilas"]
[Black "Petersson, Baldur Teodor"]
[Result "1-0"]
[WhiteTitle "FM"]
[WhiteElo "2170"]
[BlackElo "1524"]
[WhiteFideId "12800503"]
[BlackFideId "2309157"]
[EventDate "2012.03.06"]

1. d4 d5 2. Nf3 Nf6 3. c4 c6 4. Nc3 e6 5. Bg5 Nbd7 6. e3 Bb4 7. Qc2 Qa5 8. Nd2
O-O 9. Be2 Qc7 10. O-O Bd6 11. f4 b6 12. Rf3 Bb7 13. Rh3 c5 14. e4 Bxf4 15. Bxf4
Qxf4 16. Rf1 Qc7 17. e5 Ne4 18. Ncxe4 dxe4 19. Nxe4 Bxe4 20. Qxe4 h6 21. Bd3 f5
22. exf6 Nxf6 23. Rxf6 Rxf6 24. Qxa8+ Kf7 25. Rf3 cxd4 26. Rxf6+ gxf6 27. Qe4 f5
28. Qxd4 e5 29. Qd5+ Kf6 30. b4 Qe7 31. c5 Kg5 32. h4+ Kxh4 33. Bxf5 Qg5 34.
Qe4+ Qf4 35. c6 Kg3 36. Qe1+ Qf2+ 37. Qxf2# 1-0

[Event "Reykjavik Open"]
[Site "Reykjavik ISL"]
[Date "2012.03.06"]
[Round "1.86"]
[White "Stefansson, Vignir Vatnar"]
[Black "Marzano, Carlo"]
[Result "0-1"]
[WhiteElo "1474"]
[BlackElo "2164"]
[WhiteFideId "2308649"]
[BlackFideId "802980"]
[EventDate "2012.03.06"]

1. d4 d5 2. c4 c6 3. Nc3 Nf6 4. Bg5 Ne4 5. Nxe4 dxe4 6. e3 Qa5+ 7. b4 Qxg5 8.
Qc2 Bf5 9. Ne2 Nd7 10. Ng3 e6 11. h4 Bxb4+ 12. Kd1 Bg4+ 13. Kc1 Ba3+ 14. Kd2
Qa5+ 0-1

[Event "Reykjavik Open"]
[Site "Reykjavik ISL"]
[Date "2012.03.06"]
[Round "1.88"]
[White "Johannesson, Kristofer Joel"]
[Black "Bjornsson, Sverrir Orn"]
[Result "0-1"]
[WhiteElo "1449"]
[BlackElo "2153"]
[WhiteFideId "2306760"]
[BlackFideId "2301954"]
[EventDate "2012.03.06"]

1. d4 Nf6 2. c4 e6 3. Nf3 Bb4+ 4. Nbd2 b6 5. g3 Bb7 6. Bg2 O-O 7. O-O Bxd2 8.
Qxd2 d6 9. b3 Nbd7 10. Bb2 Qe7 11. e3 Ne4 12. Qd3 f5 13. Nd2 Ndf6 14. Nxe4 Nxe4
15. d5 Nc5 16. Qd2 e5 17. b4 Nd7 18. e4 f4 19. Bh3 Rf6 20. Bf5 f3 21. Qg5 Raf8
22. Qg4 Bc8 23. Qxf3 g6 24. Qg4 Kh8 25. Bxd7 Bxd7 26. Qh4 Qf7 27. g4 Rf4 28. h3
h5 29. Bc1 Rxe4 30. Bh6 Re8 31. f3 Rxc4 32. Rac1 Rxc1 33. Rxc1 Kh7 34. Bg5 Bb5
35. Bf6 Rf8 36. g5 Bd3 37. Qe1 Rc8 38. Qc3 Bf5 39. Kg2 Qxd5 40. Qa3 a5 41. bxa5
bxa5 42. Qb2 Bd7 43. Rc2 Qe6 0-1

[Event "Reykjavik Open"]
[Site "Reykjavik ISL"]
[Date "2012.03.06"]
[Round "1.91"]
[White "Olafsson, Thorvardur"]
[Black "Palsdottir, Soley Lind"]
[Result "1-0"]
[WhiteElo "2147"]
[BlackElo "1323"]
[WhiteFideId "2301148"]
[BlackFideId "2306824"]
[EventDate "2012.03.06"]

1. e4 c5 2. Nf3 Nc6 3. d4 cxd4 4. Nxd4 e5 5. Nb5 a6 6. Nd6+ Bxd6 7. Qxd6 Qf6 8.
Qd2 Nge7 9. Nc3 O-O 10. b3 d6 11. Qg5 Qxg5 12. Bxg5 f5 13. Bc4+ Kh8 14. O-O-O
Rd8 15. Nd5 Rd7 16. Nb6 1-0

[Event "Reykjavik Open"]
[Site "Reykjavik ISL"]
[Date "2012.03.06"]
[Round "1.92"]
[White "Steinthorsson, Felix"]
[Black "Ingvason, Johann"]
[Result "0-1"]
[WhiteElo "1298"]
[BlackElo "2132"]
[WhiteFideId "2310040"]
[BlackFideId "2301431"]
[EventDate "2012.03.06"]

1. d4 d5 2. Nf3 e6 3. Bf4 Nf6 4. e3 Bd6 5. Bg3 Nc6 6. Nbd2 Qe7 7. c3 e5 8. dxe5
Nxe5 9. Nxe5 Bxe5 10. Bxe5 Qxe5 11. Nf3 Qe7 12. h3 Bd7 13. Qb3 O-O 14. Bd3 c5
15. Qc2 Bc6 16. O-O-O b5 17. Kb1 a5 18. Rhe1 a4 19. a3 Rfc8 20. Qe2 b4 21. cxb4
cxb4 22. Ka2 bxa3 23. bxa3 d4 24. Bc4 Bd5 25. Rc1 Rxc4 26. Rxc4 Ne4 27. Kb2 Nc3
28. Qd3 Rb8+ 29. Kc2 Qxa3 30. Rxc3 Qb2+ 31. Kd1 dxc3 32. Qxd5 c2+ 33. Ke2 c1=Q+
34. Kf1 Qcc2 0-1

[Event "Reykjavik Open"]
[Site "Reykjavik ISL"]
[Date "2012.03.07"]
[Round "2.3"]
[White "Kryvoruchko, Yuriy"]
[Black "Johannesson, Ingvar Thor"]
[Result "1-0"]
[WhiteTitle "GM"]
[BlackTitle "FM"]
[WhiteElo "2666"]
[BlackElo "2331"]
[WhiteFideId "14109182"]
[BlackFideId "2301490"]
[EventDate "2012.03.06"]

1. e4 e6 2. d4 d5 3. Nc3 Bb4 4. e5 c5 5. a3 Bxc3+ 6. bxc3 Qa5 7. Bd2 Qa4 8. Qg4
Kf8 9. Nf3 Ne7 10. Be2 b6 11. O-O Ba6 12. Bd3 Bxd3 13. cxd3 Nbc6 14. c4 cxd4 15.
Rfc1 Qb3 16. h4 h5 17. Qg3 Nf5 18. Qf4 Nce7 19. Bb4 Ke8 20. Bxe7 Nxe7 21. Nxd4
Qxd3 22. Nb5 Kd7 23. Nd6 f6 24. c5 Rhf8 25. Qa4+ b5 26. Qa6 Rac8 27. Nxc8 Rxc8
28. exf6 gxf6 29. Qd6+ Ke8 30. Qxe6 Rc6 31. Qe1 Kf7 32. a4 b4 33. Qxb4 1-0

[Event "Reykjavik Open"]
[Site "Reykjavik ISL"]
[Date "2012.03.07"]
[Round "2.4"]
[White "Mertens, Heiko"]
[Black "Cheparinov, Ivan"]
[Result "0-1"]
[BlackTitle "GM"]
[WhiteElo "2336"]
[BlackElo "2664"]
[WhiteFideId "24601616"]
[BlackFideId "2905540"]
[EventDate "2012.03.06"]

1. e4 c5 2. Nf3 d6 3. d4 cxd4 4. Nxd4 Nf6 5. Nc3 a6 6. f4 e5 7. Nf3 Nbd7 8. a4
Be7 9. Bc4 Qa5 10. Qe2 exf4 11. Bxf4 Ne5 12. Bb3 O-O 13. O-O Bg4 14. Kh1 Rac8
15. Bd2 Qc7 16. Bg5 Nxf3 17. gxf3 Be6 18. Rg1 Kh8 19. Qg2 Nh5 20. Nd5 Bxd5 21.
Bxd5 Bxg5 22. Qxg5 g6 23. c3 Rce8 24. Qd2 Qd7 25. a5 Re7 26. Rad1 Qh3 27. Qd4+
Re5 28. Qf2 f5 29. exf5 Qxf5 30. Bxb7 Nf4 31. Be4 Qe6 32. Qd4 Ne2 33. Qxd6 Qxd6
34. Rxd6 Nxg1 35. Kxg1 Rxa5 36. Kf2 Rh5 37. Kg3 a5 38. b3 Rc5 39. Rd3 Rb8 40.
Bd5 Rd8 41. c4 Kg7 42. Kf4 Re8 43. Be4 a4 44. bxa4 Rxc4 45. Rd7+ Kh6 46. Ra7 Rb8
47. h4 Rbb4 48. a5 Rc5 49. a6 Ra4 50. Kg3 Re5 51. Ra8 Re6 52. Bb7 Re1 53. Rd8
Ra2 54. Rd4 Rg1+ 55. Kf4 Ra5 56. Ke3 Rg2 57. Kd3 Rga2 58. Rd7 R2a4 59. Be4 Ra3+
60. Kd4 R5a4+ 61. Ke5 Rxa6 62. Kf4 R6a5 63. Kg4 Ra1 64. f4 Rg1+ 65. Kh3 Ra4 66.
Bd5 Rxf4 67. Bg8 Rh1+ 68. Kg3 Rhxh4 69. Rxh7+ Kg5 70. Ra7 Rhg4+ 71. Kh3 Rf3+ 72.
Kh2 Rf8 73. Ra5+ Rf5 74. Ra8 Rh4+ 75. Kg3 Rh8 76. Rc8 Kh6 77. Kg4 Kg7 0-1

[Event "Reykjavik Open"]
[Site "Reykjavik ISL"]
[Date "2012.03.07"]
[Round "2.5"]
[White "Sokolov, Ivan"]
[Black "Larsen, Karsten"]
[Result "1-0"]
[WhiteTitle "GM"]
[BlackTitle "FM"]
[WhiteElo "2653"]
[BlackElo "2321"]
[WhiteFideId "14400030"]
[BlackFideId "1404288"]
[EventDate "2012.03.06"]

1. d4 Nf6 2. c4 e6 3. Nc3 d5 4. Bf4 Be7 5. e3 O-O 6. a3 b6 7. g4 dxc4 8. Qf3 Nd5
9. Bxc4 c6 10. Nge2 Ba6 11. Bxa6 Nxa6 12. h4 Rc8 13. g5 Nxf4 14. Nxf4 Nc7 15.
Nh5 Nd5 16. Ne2 c5 17. e4 Nc7 18. Rd1 Qd6 19. Nf6+ Bxf6 20. gxf6 cxd4 21. Nxd4
Rfd8 22. O-O Ne8 23. Nf5 exf5 24. Rxd6 Rxd6 25. Qxf5 Re6 26. fxg7 Nd6 27. Qf3
Nxe4 28. Rd1 Rc2 29. h5 Ng5 30. Qg3 h6 31. f4 Rc5 32. b4 Rf5 33. Qc3 Ref6 34.
Rd8+ Kxg7 35. Qc8 Nh3+ 36. Kh2 Re6 37. Kxh3 1-0

[Event "Reykjavik Open"]
[Site "Reykjavik ISL"]
[Date "2012.03.07"]
[Round "2.6"]
[White "Lagerman, Robert"]
[Black "Hou, Yifan"]
[Result "0-1"]
[WhiteTitle "FM"]
[BlackTitle "GM"]
[WhiteElo "2315"]
[BlackElo "2639"]
[WhiteFideId "2300362"]
[BlackFideId "8602980"]
[EventDate "2012.03.06"]

1. e4 c5 2. Nc3 Nc6 3. f4 g6 4. Nf3 Bg7 5. Bb5 Nd4 6. Bc4 d6 7. O-O a6 8. d3 Nf6
9. Nxd4 cxd4 10. Nd5 Nxd5 11. Bxd5 e6 12. Bb3 O-O 13. Qf3 f5 14. Bd2 Kh8 15.
Rae1 fxe4 16. Qxe4 d5 17. Qe2 a5 18. a4 Bd7 19. Kh1 Rc8 20. Qg4 Rc5 21. Qg3 Qb8
22. Ra1 Qd6 23. Qe1 Qc7 24. Rf2 b6 25. Re2 Qd6 26. Rc1 Rcc8 27. Qg3 Bh6 28. Rf2
Rf5 29. Rf3 Rcf8 30. Rcf1 Qb8 31. c4 dxc4 32. Bxc4 e5 33. Qh4 Rh5 34. Qe7 Bc6
35. R3f2 exf4 36. Bxf4 Bxf4 0-1

[Event "Reykjavik Open"]
[Site "Reykjavik ISL"]
[Date "2012.03.07"]
[Round "2.8"]
[White "Kuzubov, Yuriy"]
[Black "Friedrichs, Klaus"]
[Result "1-0"]
[WhiteTitle "GM"]
[WhiteElo "2615"]
[BlackElo "2283"]
[WhiteFideId "14112906"]
[BlackFideId "4654420"]
[EventDate "2012.03.06"]

1. Nf3 f5 2. g3 Nf6 3. Bg2 e6 4. O-O d5 5. d3 Nc6 6. Nc3 Bb4 7. Bf4 Qe7 8. d4
Bd6 9. Qc1 O-O 10. Nb5 a6 11. Nxd6 cxd6 12. Bg5 Bd7 13. Qd2 h6 14. Bxf6 Qxf6 15.
e3 Rac8 16. Rac1 Kh8 17. c4 dxc4 18. Rxc4 d5 19. Rc5 g5 20. Rfc1 f4 21. exf4
gxf4 22. R5c3 Be8 23. Ne5 fxg3 24. hxg3 Qg5 25. Qxg5 hxg5 26. Re1 Bf7 27. Nxf7+
Rxf7 28. Rxe6 Rcf8 29. Re2 Nxd4 30. Rd2 Nc6 31. Rcd3 Nb4 32. Rd4 Nc6 33. Rxd5
Rg7 34. Rd6 Rc7 35. Bxc6 bxc6 36. Rh6+ Kg7 37. Rdd6 Rfc8 38. Rdg6+ Kf7 39. Rxg5 1-0

[Event "Reykjavik Open"]
[Site "Reykjavik ISL"]
[Date "2012.03.07"]
[Round "2.9"]
[White "Lemeaux, David"]
[Black "Baklan, Vladimir"]
[Result "0-1"]
[BlackTitle "GM"]
[WhiteElo "2287"]
[BlackElo "2612"]
[WhiteFideId "613843"]
[BlackFideId "14102196"]
[EventDate "2012.03.06"]

1. d4 Nf6 2. c4 g6 3. Nf3 Bg7 4. g3 O-O 5. Bg2 d6 6. O-O c6 7. Nc3 Bf5 8. Nd2
Qb6 9. d5 Na6 10. Nb3 Nb4 11. Nd4 Bd7 12. Nb3 Rfc8 13. Be3 c5 14. Bd2 Ng4 15.
Nc1 Qa6 16. a3 Qxc4 17. axb4 cxb4 18. N3a2 a5 19. Nd3 Nf6 20. Nac1 b6 21. Nf4
Bf5 22. h4 Bc2 23. Qe1 Nd7 24. Ncd3 Nc5 25. Be3 Nb3 26. Bxb6 Nxa1 27. Qxa1 a4
28. Qc1 Bxd3 29. Nxd3 Qxc1 30. Nxc1 Bxb2 31. Nd3 Bc3 0-1

[Event "Reykjavik Open"]
[Site "Reykjavik ISL"]
[Date "2012.03.07"]
[Round "2.13"]
[White "Maze, Sebastien"]
[Black "Vaarala, Eric"]
[Result "1-0"]
[WhiteTitle "GM"]
[WhiteElo "2577"]
[BlackElo "2241"]
[WhiteFideId "613762"]
[BlackFideId "1711962"]
[EventDate "2012.03.06"]

1. d4 Nf6 2. c4 e6 3. Nc3 Bb4 4. e3 b6 5. Nf3 Bb7 6. Bd3 Ne4 7. Qc2 f5 8. O-O
Bxc3 9. bxc3 O-O 10. Nd2 Nxd2 11. Bxd2 d6 12. e4 Qh4 13. Rae1 f4 14. f3 Nd7 15.
Qa4 Qe7 16. Rb1 c5 17. Be1 Rfd8 18. Bf2 e5 19. d5 g5 20. g4 Kg7 21. Kg2 h5 22.
h3 Nf6 23. Rh1 Bc8 24. Kf1 Bd7 25. Qa3 Rh8 26. Ke2 h4 27. Rb2 Rhb8 28. Rhb1 Qd8
29. Bc2 Qc8 30. Rb3 Ne8 31. Bd3 Nc7 32. Qc1 Kg6 33. Qe1 Qh8 34. R1b2 Kf7 35. Bc2
Qe8 36. Qd1 b5 37. Bd3 a6 38. Kd2 a5 39. cxb5 Nxb5 40. c4 Na7 41. Rb6 Rxb6 42.
Rxb6 Nc8 43. Rb7 Qd8 44. Qb1 a4 45. Ke2 Kf6 46. Qg1 Qe7 47. Bc2 Kg6 48. Qb1 Kf6
49. Rc7 Ra6 50. Qb8 Rb6 51. Rb7 Rxb7 52. Qxb7 Qd8 53. Be1 Ke7 54. Bxa4 1-0

[Event "Reykjavik Open"]
[Site "Reykjavik ISL"]
[Date "2012.03.07"]
[Round "2.14"]
[White "Thompson, Ian D"]
[Black "Papin, Vasily"]
[Result "0-1"]
[WhiteTitle "FM"]
[BlackTitle "GM"]
[WhiteElo "2255"]
[BlackElo "2575"]
[WhiteFideId "405205"]
[BlackFideId "4143183"]
[EventDate "2012.03.06"]

1. c4 e6 2. Nc3 d5 3. d4 c6 4. e4 dxe4 5. Nxe4 Bb4+ 6. Bd2 Qxd4 7. Bxb4 Qxe4+ 8.
Be2 Na6 9. Ba5 Qh4 10. Bc3 f6 11. Qd6 Nh6 12. Nf3 Qe4 13. O-O-O Nf7 14. Qd2 e5
15. Bd3 Qg4 16. h3 Qe6 17. Nh4 Nc5 18. Bc2 Qxc4 19. Nf5 Bxf5 20. Bxf5 Rd8 21.
Qc2 Rxd1+ 22. Rxd1 Qxa2 23. Qe2 g6 24. Bb1 Nb3+ 25. Kc2 Qa4 26. Qg4 Nd4+ 27. Kc1
f5 28. Rxd4 exd4 29. Qe2+ Kd7 30. b3 Qa3+ 31. Bb2 Qc5+ 32. Bc2 Nd6 33. Qd3 Nb5 0-1

[Event "Reykjavik Open"]
[Site "Reykjavik ISL"]
[Date "2012.03.07"]
[Round "2.15"]
[White "Ipatov, Alexander"]
[Black "Haarr, Jon Kristian"]
[Result "1-0"]
[WhiteTitle "GM"]
[WhiteElo "2561"]
[BlackElo "2226"]
[WhiteFideId "14116731"]
[BlackFideId "1505963"]
[EventDate "2012.03.06"]

1. d4 Nf6 2. c4 c5 3. d5 b5 4. Nf3 e6 5. Bg5 Bb7 6. Nc3 b4 7. Ne4 d6 8. Bxf6
gxf6 9. Qa4+ Nd7 10. O-O-O exd5 11. cxd5 f5 12. Ng3 Qf6 13. e3 Kd8 14. Ba6 Nb6
15. Qb5 Bxd5 16. Qa5 Bxf3 17. gxf3 Kc7 18. Nh5 Qe5 19. Rd2 Bh6 20. Rhd1 Rhd8 21.
Rd5 Qe6 22. f4 Kc6 23. Ng3 Qxd5 24. Qb5+ Kc7 25. Rxd5 Rab8 26. Rxc5+ dxc5 27.
Qxc5+ Kd7 28. Bb5+ Ke6 29. Qe5# 1-0

[Event "Reykjavik Open"]
[Site "Reykjavik ISL"]
[Date "2012.03.07"]
[Round "2.17"]
[White "Stefansson, Hannes"]
[Black "Gikas, Andreas Basilius"]
[Result "1-0"]
[WhiteTitle "GM"]
[WhiteElo "2531"]
[BlackElo "2219"]
[WhiteFideId "2300087"]
[BlackFideId "4623509"]
[EventDate "2012.03.06"]

1. e4 c5 2. Nf3 e6 3. d4 cxd4 4. Nxd4 Nf6 5. Nc3 d6 6. Be3 a6 7. Be2 Qc7 8. g4
b5 9. a3 Bb7 10. f3 Nfd7 11. Qd2 Nb6 12. O-O-O N8d7 13. Ndxb5 axb5 14. Nxb5 Qc6
15. Nxd6+ Bxd6 16. Qxd6 Rc8 17. Qxc6 Bxc6 18. b3 Ke7 19. Bd4 f6 20. Rhg1 e5 21.
Bc3 Kf7 22. Bb4 Rhd8 23. a4 Nf8 24. a5 Na8 25. Ba6 Rxd1+ 26. Rxd1 Rb8 27. Bc4+
Ke8 28. Bd6 Rc8 29. g5 Nc7 30. gxf6 gxf6 31. Bxf8 Kxf8 32. Rg1 Ne8 33. Rg8+ Ke7
34. Rh8 Kd6 35. Rxh7 Kc5 36. c3 Ra8 37. Be2 Kd6 38. b4 Nc7 39. c4 Ne6 40. a6 Ba4
41. c5+ Nxc5 42. bxc5+ Kxc5 43. Kd2 Rg8 44. a7 Bc6 45. h4 Rg1 46. h5 Ra1 47. h6
Kd4 48. Rc7 Ra2+ 49. Kc1 Ba8 50. h7 Ra1+ 51. Kd2 Ra2+ 52. Rc2 1-0

[Event "Reykjavik Open"]
[Site "Reykjavik ISL"]
[Date "2012.03.07"]
[Round "2.18"]
[White "Einarsson, Halldor Gretar"]
[Black "Libiszewski, Fabien"]
[Result "1/2-1/2"]
[WhiteTitle "FM"]
[BlackTitle "GM"]
[WhiteElo "2239"]
[BlackElo "2523"]
[WhiteFideId "2300150"]
[BlackFideId "616834"]
[EventDate "2012.03.06"]

1. d4 Nf6 2. c4 g6 3. f3 c5 4. d5 Bg7 5. e4 d6 6. Nc3 O-O 7. Be3 e6 8. Nge2 exd5
9. cxd5 Qa5 10. a4 Nbd7 11. Qd2 a6 12. Ra3 Nh5 13. Nc1 f5 14. exf5 gxf5 15. Bh6
Qb4 16. Bxg7 Nxg7 17. Be2 Qh4+ 18. g3 Qh3 19. Nd3 Qg2 20. Nf2 Re8 21. Ncd1 Ne5
22. Qf4 Ng6 23. Qxd6 f4 24. g4 Ne5 25. Kd2 Bxg4 26. Bf1 Qxf1 27. Rxf1 Nc4+ 28.
Kc1 Nxd6 29. Nxg4 Kf7 30. Nc3 Ngf5 31. Ne4 Nxe4 32. fxe4 Rxe4 33. Raf3 Rxa4 34.
Rxf4 Rxf4 35. Rxf4 Kg6 36. Ne5+ Kg5 37. Rf1 h5 38. Nf7+ Kg6 39. d6 Kxf7 40.
Rxf5+ Ke6 41. Rxc5 Rh8 42. Rc7 b5 43. d7 Ke7 44. h4 Rh6 45. Kc2 Kd8 46. Ra7 Rg6
47. Kd3 Rg4 48. Rxa6 Kxd7 49. Rh6 Rxh4 50. b4 Kc7 51. Kc3 Kb7 52. Kd3 Kc7 53.
Kc3 Rc4+ 54. Kb3 h4 55. Rh5 Kc6 56. Rh6+ Kd5 57. Rh5+ Kc6 1/2-1/2

[Event "Reykjavik Open"]
[Site "Reykjavik ISL"]
[Date "2012.03.07"]
[Round "2.19"]
[White "Kveinys, Aloyzas"]
[Black "Edvardsson, Kristjan"]
[Result "1-0"]
[WhiteTitle "GM"]
[WhiteElo "2512"]
[BlackElo "2217"]
[WhiteFideId "12800040"]
[BlackFideId "2300893"]
[EventDate "2012.03.06"]

1. d4 Nf6 2. Nf3 g6 3. g3 Bg7 4. Bg2 O-O 5. c4 c6 6. Nc3 d5 7. cxd5 cxd5 8. Ne5
e6 9. O-O Nfd7 10. Nf3 Nc6 11. e3 a5 12. b3 Ndb8 13. Bb2 b6 14. e4 dxe4 15. Nxe4
Nb4 16. Ne5 Ra7 17. a3 Nd5 18. Qd2 Bb7 19. Rfc1 Ne7 20. Rc2 Bd5 21. Qc3 f6 22.
Nc4 f5 23. Ned2 Bxg2 24. Kxg2 Nbc6 25. Nf3 Nd5 26. Qe1 Re8 27. Rac1 Nb8 28. Nce5
Bh6 29. Rd1 Rc7 30. Re2 Qc8 31. Nc4 Bf8 32. Kg1 a4 33. Ne3 Nxe3 34. Rxe3 Rc2 35.
Ba1 Bh6 36. d5 Bxe3 37. Qxe3 axb3 38. Qd4 b2 39. Bxb2 Rxb2 40. Qxb2 exd5 41.
Qxb6 Qc4 42. Qd6 Nc6 43. Rxd5 Rd8 44. Re5 Rf8 45. Rc5 Qb3 46. Rxc6 Qxf3 1-0